00408nam a22001217a 4500020000800000040001600008082001800024100003000042245013300072250001400205260004600219300002100265 qHB. cFIZZA ISHAQ a303.4833bPIS a Piscione, Deborah Perry. a Secrets of Silicon Valley : what everyone else can learn from the innovation capital of the world /cDeborah Perry , Piscione. aFrist ED. aNew York : b Palgrave Macmillan,c 2013. a249 p. ;c 25 cm